000 01038nam a2200229Ii 4500
003 JO-AjNU
008 230605s9999||||xx |||||||||||||| ||und||
017 _a2018/3/1193
020 _a978-9957-33-638-7
040 _aJO-AjNU
_bara
_erda
_cJO-AjNU
041 _aara
050 1 4 _aPN789 2018
100 3 _aجامعة جرش - كلية الاداب - قسم اللغة العربية؛ تحرير ومراجعة محمد الرقيبات,
_eauthor
_957887
245 0 0 _aالدراسات الادبية والنقدية المقارنة في الوطن العربي: المؤتمر النقدي الحادي والعشرون-جامعة جرش - كلية الاداب - قسم اللغة العربية 9-11 نيسان 2018م
250 _aط1
264 3 1 _aعمان: مؤسسة الوراق للنشر والتوزيع، 2018
300 _a620ص
336 _atext
_btxt
_2rdacontent
337 _aunmediated
_bn
_2rdamedia
338 _avolume
_bnc
_2rdacarrier
650 4 _aالنقد الادبي - العصر الحديث
_957888
999 _aA25967
_c29535
_d29535